Һесаб мәсәләләри вә мисаллары (Запись № 13336118)

Подробности
000 -МАРКЕР
контрольное поле 01181nam0a2200265 4500
001 - ИДЕНТИФИКАТОР ЗАПИСИ
контрольное поле RU\NLR\BIBL_A\022412794
005 - ИДЕНТИФИКАТОР ВЕРСИИ
контрольное поле 20260405202642.0
035 ## - ДРУГИЕ СИСТЕМНЫЕ НОМЕРА
Идентификатор записи (NLR Aleph) 022412794
100 ## - ДАННЫЕ ОБЩЕЙ ОБРАБОТКИ
Данные общей обработки 20241216d1948 |||y0rusy50 ca
101 0# - ЯЗЫК РЕСУРСА
Язык текста, звукозаписи и т.д. азербайджанский
Язык оригинала русский
102 ## - СТРАНА ПУБЛИКАЦИИ ИЛИ ПРОИЗВОДСТВА
Страна публикации Азербайджан
105 ## - ПОЛЕ КОДИРОВАННЫХ ДАННЫХ: ТЕКСТОВЫЕ МАТЕРИАЛЫ, МОНОГРАФИЧЕСКИЕ
Кодированные данные о монографическом текстовом документе a z 000 y
200 1# - ЗАГЛАВИЕ И СВЕДЕНИЯ ОБ ОТВЕТСТВЕННОСТИ
Основное заглавие Һесаб мәсәләләри вә мисаллары
Сведения, относящиеся к заглавию ибтидаи мәктәбин 4-ҹү синфи үчүн
Первые сведения об ответственности Н.Н. Никитин, Г. Б. Поляк, Л. Н. Володина
205 ## - СВЕДЕНИЯ ОБ ИЗДАНИИ
Сведения об издании 3-ҹү чапы
210 ## - ПУБЛИКАЦИЯ, РАСПРОСТРАНЕНИЕ И ДР.
Место издания, распространения и т.д. Бакы
Имя издателя, распространителя и т. д. Азәрнәшр
Дата издания, распространения и т.д. 1948
215 ## - ФИЗИЧЕСКАЯ ХАРАКТЕРИСТИКА
Специфическое обозначение материала и объем 154, [1] c.
Другие сведения о физической характеристике ил.
Размеры 21
541 1# - ПЕРЕВОД ЗАГЛАВИЯ, СДЕЛАННЫЙ КАТАЛОГИЗАТОРОМ
Заглавие Сборник арифметических задач и упражнений
Сведения, относящиеся к заглавию для 4-го кл. нач. шк.
Язык заглавия русский
686 1# - ИНДЕКСЫ ДРУГИХ КЛАССИФИКАЦИЙ
Индекс В1я72
700 #1 - ИМЯ ЛИЦА - ПЕРВИЧНАЯ ОТВЕТСТВЕННОСТЬ
Материалы, к которым относится поле rus
Графика поля Кириллица
Начальный элемент ввода Никитин
Часть имени, кроме начального элемента ввода Н. Н.
Дополнения к именам, кроме дат канд. физ.-мат. наук
Расширение инициалов личного имени Николай Никитич
Идентификатор авторитетной/нормативной записи RU\NLR\AUTH\7790105
Системный номер авторитетной/нормативной записи 73032
701 #1 - ИМЯ ЛИЦА - АЛЬТЕРНАТИВНАЯ ОТВЕТСТВЕННОСТЬ
Графика поля Кириллица
Материалы, к которым относится поле rus
Начальный элемент ввода Поляк
Часть имени, кроме начального элемента ввода Г. Б.
Даты 1894-
Расширение инициалов личного имени Григорий Борисович
Системный номер авторитетной/нормативной записи 223415
Идентификатор авторитетной/нормативной записи RU\NLR\AUTH\770223471
701 #1 - ИМЯ ЛИЦА - АЛЬТЕРНАТИВНАЯ ОТВЕТСТВЕННОСТЬ
Начальный элемент ввода Володина
Часть имени, кроме начального элемента ввода Л.Н.
Расширение инициалов личного имени Людмила Николаевна
Код отношения Автор
942 ## - ДОПОЛНИТЕЛЬНЫЕ ЭЛЕМЕНТЫ ЗАПИСИ (АБИС)
Тип экземпляра АБИС Книга
980 ## - КОЛЛЕКЦИЯ
Название коллекции Национальная библиография
Экземпляры
Тип экземпляра Дата поступления Библиотека постоянного хранения Библиотека текущего хранения Место хранения Шифр хранения Штрих-код Статус экземпляра
Книга 16.12.2024 РНБ (Московский) РНБ (Московский) Фонд национальных литератур, ин. ОНЛ Азерб./3-3624 1-4380245  
Книга 16.12.2024 РНБ (Московский) РНБ (Московский) Фонд национальных литератур, ин. ОНЛ Азерб./3-3624 1-4380228